01051nam a2200133Ia 4500020001800000082001900018245004400037260003700081300000900118504001800127520066000145650009200805700002000897 a9788131609422 a304.6072bPOP- 0aPopulation, Development and Environment aJaipurbRawat Publicationsc2018 a223p aInclude Index aPopulation, development and environment is an edited volume comprising of twelve research papers broadly highlighting the interrelated aspects of population, development and environment. The first part of the book - population, poverty and environment - examines the land-use change, migration and industrialization impact on the environment. The next part of the book - development and environment - tries to analyse the development impact on the environment. The last part of the book deals with nexus between urban growth and its negative impact on the environment which includes land-use change and its socio-economic vulnerability on the environment. aEconomic DevelopmentvSustainable developmentvPopulation--Environmental aspectszIndia aLakshmana, C.M.